[Event "Sherbrooke Perpetuelles 26-09"]
[Site "Sherbrooke"]
[Date "2003.10.17"]
[Round "4"]
[White "Denomme, Michael"]
[Black "Jolin, Fernand"]
[Result "0-1"]
[WhiteElo "1247"]
[BlackElo "1313"]
[PlyCount "64"]
[EventDate "2003.09.26"]
[EventType "swiss"]
[EventRounds "5"]
[EventCountry "CAN"]
[SourceTitle "EXT 2008"]
[Source "ChessBase"]
[SourceDate "2007.11.25"]
[SourceVersion "1"]
[SourceVersionDate "2007.11.25"]
[SourceQuality "1"]

1. d4 d5 2. Bf4 Nf6 3. Nc3 e6 4. e3 Bb4 5. Nge2 Ne4 6. a3 Nxc3 7. bxc3 Bd6 8. Bxd6 Qxd6 9. Nf4 0-0 10. c4 dxc4 11. Bxc4 c6 12. 0-0 b5 13. Bd3 Nd7 14. Nh5 g6 15. Qg4 e5 16. Qg3 Kh8 17. dxe5 Qxe5 18. Nf4 Qf6 19. Nh3 Ne5 20. f4 Nxd3 21. cxd3 Qf5 22. e4 Qc5+ 23. Kh1 Bxh3 24. Qxh3 f5 25. e5 Rad8 26. Qh6 Rxd3 27. Rfc1 Rfd8 28. h3 Qd5 29. Qg5 Rxh3+ 30. Kg1 Qd4+ 31. Kf1 Rh1+ 32. Ke2 Qd2+ 0-1

[Event "Sherbrooke Perpetuelles 26-09"]
[Site "Sherbrooke"]
[Date "2003.10.03"]
[Round "2"]
[White "Denomme, Michael"]
[Black "Morin, Louis"]
[Result "1-0"]
[WhiteElo "1247"]
[BlackElo "955"]
[PlyCount "111"]
[EventDate "2003.09.26"]
[EventType "swiss"]
[EventRounds "5"]
[EventCountry "CAN"]
[SourceTitle "EXT 2008"]
[Source "ChessBase"]
[SourceDate "2007.11.25"]
[SourceVersion "1"]
[SourceVersionDate "2007.11.25"]
[SourceQuality "1"]

1. f3 e6 2. Kf2 Bc5+ 3. d4 Qh4+ 4. g3 Qxd4+ 5. Qxd4 Bxd4+ 6. e3 Bb6 7. b3 Nc6 8. Bb2 f6 9. h4 d5 10. Bb5 Bd7 11. c3 0-0-0 12. a4 Nge7 13. Ne2 Nf5 14. Nd4 Bxd4 15. exd4 e5 16. g4 Nd6 17. Nd2 exd4 18. b4 dxc3 19. Bxc3 d4 20. Bxc6 Bxc6 21. Bxd4 Nc4 22. Nxc4 Rxd4 23. Ne3 Rf4 24. Rh3 Rxb4 25. Nf5 Rb2+ 26. Kg1 Re8 27. Nxg7 Re3 28. Nf5 Rxf3 29. Rd1 Rxf5 30. gxf5 Be4 31. Re3 Rb4 32. a5 b6 33. axb6 axb6 34. h5 Bxf5 35. Rd5 Rg4+ 36. Kh2 Rh4+ 37. Kg3 Rh3+ 38. Kf4 Rxh5 39. Rxf5 Rxf5+ 40. Kxf5 Kb7 41. Rh3 c5 42. Rxh7+ Kc6 43. Kxf6 Kb5 44. Ke5 c4 45. Kd4 Kb4 46. Rc7 b5 47. Rc5 Ka5 48. Kc3 Ka4 49. Rc8 b4+ 50. Kxc4 Ka3 51. Ra8+ Kb2 52. Kxb4 Kc2 53. Rd8 Kb2 54. Rd2+ Kc1 55. Kc3 Kb1 56. Kb3 1-0